Quizzes
Events
Quiz Creation
Community
Videos
Private Events
Remove Ads
Sign In
Join for FREE
Feedback
Dark Mode
Quiz Categories
Sports
Geography
Music
Movies
Television
Just For Fun
Miscellaneous
History
Literature
Language
Science
Gaming
Entertainment
Religion
Holiday
For Kids
Quiz Lab
Recent
Popular Today
Quiz Kudos Today
Editor Picks
Curator Picks
Quizzes by...
Day
Popularity
Type
Ratings
Length
Year
Community
Subscriptions
Recent Discussions
Orange Saloon
Badges
Playlists
Quests
Create
Leaderboards
Showdown
Live 5
Trivia Bingo
Activity
Puzzle Library
Sporcle Events
Private Events
Virtual Trivia
Globe League
Become a Host
Pub Owners
SporcleCon
Opinionation
Our Games
Videos
Blog
Mobile Apps
Partnerships
Remove Ads and Go Orange
Feedback
Science
Computer
Plants
Astronomy
Chemistry
Elements
Math
Animal
Physics
Anatomy
Biology
Geology
General Science
Science
Computer
Plants
Astronomy
Chemistry
Elements
Math
Animal
Physics
Anatomy
Biology
Geology
General Science
Random Quiz
Search Sporcle
×
Quiz Lab
Quiz Lab
Science
Pharmacology
Type in answers that appear in a list
Type in answers that appear in a list
Classic
Best Score? Go Orange.
Opiate Receptor Agonists and Antagonists Stats
Can you name the Opiate Receptor Agonists and Antagonists?
By
okayiranga
4m
14 Questions
19 Plays
19 Plays
19 Plays
Comments
Comments
Give Quiz Kudos
Give Quiz Kudos
-
- Ratings
hide this ad
Forced Order
Answers have to be entered in order
Answers have to be entered in order
Random Order
Randomize order of answers
Randomize order of answers
Replay
Link that replays current quiz
Next Quiz
Link to next quiz in quiz playlist
You Got
0%
They Got
Avg Score
37%
Avg Friend Score
Upgrade to see
Score Distribution
Jump to the score distribution portion of the page
Score
0/14
Timer
04:00
0
Plays Today
Hint
Answer
% Correct
Used for pain control during surgery
Fentanyl
68.4%
Most Common Drug/
General Ana.
Morphine
63.2%
Opiate Receptor Antagonist/
only intravenously
Naloxone
57.9%
Substitute for Opiate overdose/
oral administered
Methadone
47.4%
More potent alternative to Morphine/
nauseating
Hydromorphone
42.1%
Opiate Receptor Antagonist/
also orally
Naltrexone
36.8%
Substitute for Opiate overdose/
addictive
Codeine
31.6%
Hint
Answer
% Correct
Non NOP/
5HT
SSRI
31.6%
Activates Opiate receptors on nociceptors
Dynorphin
27.8%
Big withdrawal/
similar to Morphine
Oxycodone|Hydrocodone
26.3%
Non NOP /
Ca channels on all neurons
Gabapentin|Pregabalin
26.3%
Non NOP /
Epidural Injection
Ziconitide
26.3%
Treatment for diarrhea/
Targets GI NOPs
Diphenoxylate|Loperamide
21.1%
No Miotic effect/
Effect on uterus
Meperidine
15.8%
Quiz Playlist
Details
Report
Send in Message
Add To Playlist
Classic:
Type in answers that appear in a list
Forced Order:
Answers have to be entered in order
Random Order:
Randomize order of answers
Last Updated: Feb 16, 2017
Quiz Scoreboard
CHALLENGE
Sign Up to Join the Scoreboard
Show All
Scores
Hide
Comments
May contain spoilers
Recently Published
Movies - When Are They Set?
by FPL_Elf
Movies
5m
Popular People in 1961
by mucciniale
History
6m
1-10 Letter E Words III
by El_Dandy
Language
2m
More to Explore
Quiz From the Vault
Featured Blog Post
Where Did the Easter Bunny Come From?
hide this ad
You Might Also Like...
Tags
Pharmacology
Today's Top Quizzes in Science
Browse Science
hide this ad
Top Contributed Quizzes in Science
1
One Thing in Common: Science III
2
Quick Pick: 'CI-CJ' Animals
3
Quick Pick: Radians
4
One Thing in Common: Science
5
Sporcle Puzzle Hunt: Science
6
One Thing in Common: Science II
7
Elements In Images
8
Square Numbers Scrambled (1-50)
9
1 to 50
10
Glycolysis
Explore More
Trending Topics
Disney
Kpop
Crossword
Marvel
Harry Potter
NBA
Anime
Puzzle
NFL
The Office
Song
Country
Soccer
WWE
Pokémon
hide this ad
More By:
okayiranga
Quiz
Plays
Rating
Category
Featured
Created
Can you name the classical antipsychotics
163
5.00
Science
Sep 25, 2017
Diuretics
31
1.00
Science
Aug 8, 2015
Hypoglycemic and Antihyperglycemic drugs
30
Science
Aug 4, 2015
Antibacterial drugs (bacterial wall)
29
Science
Jul 23, 2015
Antiarrhythmics
27
Science
Aug 6, 2015
Go to Creator's Profile
Score Distribution
Quiz Creator Spotlight
okayiranga
Follow
Send a Message
Quizzes Created
-
Created Quiz Play Count
-
More By This Creator
Popular Quizzes Today
1
Find the US States - No Outlines Minefield
2
Find the Countries of Europe - No Outlines Minefield
3
The Countries of the World
4
Popular People in 1961
5
1-10 Letter E Words III
6
US States
7
Find the US States
8
One Thing in Common: World Cities II
More Science Quizzes
Sporcle Jumble: Fish
Published
Trending Quizzes
Risky Map Clicking: Least Populous States A-Z
1-10 Letter F Words
1-10 Letter G Words
One Thing in Common: United Kingdom
Risky Map Clicking: Next State Alphabetically
Recently Updated
Leaping Animals
pecheneg
Reality TV Shows (A-Z)
bhenderson79
Rickey Henderson's Hall of Fame Teammates
pecheneg
Champions League XIs: Arsenal
pecheneg
Quick Pick: Celebrities in WWE's Hall of Fame
aduchscher
A-Z Keypad Blitz II
pecheneg
Multiple Oscar Actors
pecheneg
Mystery Phrase Blitz: Oscar 'Best Actors'
pecheneg
F. Scott Fitzgerald Novels
LTH
Pick 3 Villains
ddd62291
Trending Topics
Harry Potter
Kpop
Disney
Crossword
Anime
NBA
Marvel
Pokémon
WWE
NFL
The Office
Soccer
Puzzle
Song
Country
Your Account Isn't Verified!
In order to create a playlist on Sporcle, you need to verify the email address you used during registration. Go to your
Sporcle Settings
to finish the process.
Report this User
Report this user for behavior that violates our
Community Guidelines
.
Details:
Send Report
Go to the Sporcle.com Mobile Site →
Comments